00235nam a2200097Ia 4500008004100000082001200041100003500053245003000088260000900118300001000127190415s9999 xx 000 0 und d aRR.0016 aUrban Development Authority, S 0aRatnapura : Final report. c1982 a106p.